000 00574nam a22002177a 4500
003 UA-OsUOA
001 93589
007 ta
008 20130123b un ||||| |||| 00| 0 ukr d
090 _a821.161.1
942 _cBK
040 _aUA-OsUOA
_brus
_cUA-OsUOA
_dUA-OsUOA
245 _aВам жить в XXI веке
_bсборник
300 _a206 с.
955 _a3
041 _arus
080 _a821.161.1
260 _aМ.
_bМолодая гвардия
_c1986
650 7 _a82 Література. Літературознавство
_2UDC
999 _c379839
_d379839